Empirische Interkulturalität
| Titel: | Empirische Interkulturalität |
|---|---|
| Verfasser: | |
| In: |
Assimilation - Abgrenzung - Austausch, (1999), Seite 21-32 alle Artikel anzeigen |
| Veröffentlicht: | 1999 |
| Format: | Aufsatz |
| Sprache: | Deutsch |
X
alg: 39254368 001A $01999:11-11-16 001B $01999:17-05-21 $t20:34:03.000 001D $01999:11-11-16 001U $0utf8 001X $00 002@ $0Aox 003@ $0392543680 007A $0392543680 $aHEB 007T $0Herd25055 010@ $ager 011@ $a1999 021A $aEmpirische Interkulturalität 028A $aLasatowicz $dMaria Katarzyna 031A $h21-32 $j1999 037A $aBetr. Sprachen in Oberschlesien 037A $aDot. języków na Górnym Śląsku039B $aIn $8--Aau--. Assimilation - Abgrenzung - Austausch. - Frankfurt am Main {[u.a.] : Lang, 1999. - 411 S.. - ISBN 3-631-34894-0 $x199900000000000979 $9073249564 045F $a417.7094385 $eDDC23BSB 045F/01 $a417.7 045F/03 $g4385 lok: 39254368 78 exp: 39254368 78 1 #EPN 201B/01 $018-09-18 $t22:50:46.000 201U/01 $0utf8 203@/01 $0788641670 208@/01 $a11-11-16 $be 209A/01 $a/ $f000 $x00 220C/01 $aTitelaufnehmer: ra;ja 244Z/01 $2Trx $#Silesia $#Śląsk $#Sliezsko $#Slezsko $8--Trx--Schlesien $x01 $9391173987 244Z/01 $#Oberschlesien $#Górny Śla̜sk $#Horní Slezsko $74042978-7 $8--Tg1--Oberschlesien $x02 $9085119679 244Z/01 $2Trx $#keel, saksa $#kalba, vokiečių $#Language, German $#nyelv, német $#język niemiecki $#jazyk nemecký $#jazyk německý $8--Trx--Sprache, deutsche $x03 $9391359223 244Z/01 $2Trx $#keel, poola $#kalba, lenkų $#Language, Polish $#nyelv, lengyel $#język polski $#jazyk poľský $#jazyk polský $8--Trx--Sprache, polnische $x04 $9391356968 244Z/01 $2Trx $#suhted, kultuurilised $#santykiai, kultūriniai $#relationships, cultural $#kapcsolatok, kulturális $#stosunki kulturalne $#vzťahy kultúrne $#vztahy kulturní $#Kulturtransfer $8--Trx--Beziehungen, kulturelle $x05 $9391374184 244Z/01 $2Trx $8--Trx--Einzelbeiträge $x06 $9391384570 245Z/01 $a11.07 $x01 247C/01 $82080>Marburg/Lahn, Herder-Institut, Forschungsbibliothek, Bibliographieportal $9336309341
| LEADER | 00000caa a22000002c 4500 | ||
|---|---|---|---|
| 001 | 392543680 | ||
| 003 | DE-603 | ||
| 005 | 20210517203403.0 | ||
| 007 | tu | ||
| 008 | 161111s1999 xx |||| | u00||u|ger c | ||
| 035 | |a (DE-599)HEB392543680 | ||
| 040 | |a DE-603 |b ger |c DE-603 |d DE-603 | ||
| 041 | |a ger | ||
| 082 | 0 | 4 | |8 1\u |a 417.7094385 |q DE-101 |2 23/BSB |
| 085 | |8 1\u |b 417.7 | ||
| 085 | |8 1\u |z 2 |s 4385 | ||
| 100 | 1 | |a Lasatowicz, Maria Katarzyna | |
| 245 | 0 | 0 | |a Empirische Interkulturalität |
| 264 | 0 | |c 1999 | |
| 500 | |a Betr. Sprachen in Oberschlesien | ||
| 500 | |a Dot. języków na Górnym Śląsku <pol> | ||
| 773 | 0 | 8 | |i In |t Assimilation - Abgrenzung - Austausch |d Frankfurt am Main [u.a.] : Lang, 1999 |h 411 S., 21 cm |z 3631348940 |g (1999), Seite 21-32 |w (DE-603)073249564 |
| 924 | 0 | |9 2080 |a (DE-603)788641670 |b DE-2080 |c HES |d d |g / | |


